The women, gender, and development reader / (Record no. 3136)

MARC details
000 -LEADER
fixed length control field 01464cam a2200373 a 4500
001 - CONTROL NUMBER
control field 692715
003 - CONTROL NUMBER IDENTIFIER
control field OSt
005 - DATE AND TIME OF LATEST TRANSACTION
control field 20160302141657.0
008 - FIXED-LENGTH DATA ELEMENTS--GENERAL INFORMATION
fixed length control field 961007s1997 enk b 001 0 eng
010 ## - LIBRARY OF CONGRESS CONTROL NUMBER
LC control number 96047238
020 ## - INTERNATIONAL STANDARD BOOK NUMBER
International Standard Book Number 1856491412
020 ## - INTERNATIONAL STANDARD BOOK NUMBER
International Standard Book Number 1856491420 (pbk.)
040 ## - CATALOGING SOURCE
Original cataloging agency DLC
Transcribing agency DLC
Modifying agency DLC
043 ## - GEOGRAPHIC AREA CODE
Geographic area code d------
050 00 - LIBRARY OF CONGRESS CALL NUMBER
Classification number HQ1240
Item number .W6568 1996
082 00 - DEWEY DECIMAL CLASSIFICATION NUMBER
Classification number 305.4
Edition number 21
Item number WOM 1997
245 04 - TITLE STATEMENT
Title The women, gender, and development reader /
Statement of responsibility, etc. edited by Nalini Visvanathan (co-ordinator) ; Lynn Duggan, Laurie Nisonoff, and Nan Wiegersma.
260 ## - PUBLICATION, DISTRIBUTION, ETC. (IMPRINT)
Place of publication, distribution, etc. London ;
-- Atlantic Highlands, N.J. :
Name of publisher, distributor, etc. Zed Books,
Date of publication, distribution, etc. 1997.
300 ## - PHYSICAL DESCRIPTION
Extent xiii, 396 p. ;
Dimensions 24 cm.
504 ## - BIBLIOGRAPHY, ETC. NOTE
Bibliography, etc Includes bibliographical references and index.
650 #0 - SUBJECT ADDED ENTRY--TOPICAL TERM
Topical term or geographic name as entry element Women in development.
9 (RLIN) 1047
650 #0 - SUBJECT ADDED ENTRY--TOPICAL TERM
Topical term or geographic name as entry element Women
General subdivision Social conditions.
9 (RLIN) 6975
650 #0 - SUBJECT ADDED ENTRY--TOPICAL TERM
Topical term or geographic name as entry element Women
General subdivision Economic conditions.
9 (RLIN) 6976
650 #0 - SUBJECT ADDED ENTRY--TOPICAL TERM
Topical term or geographic name as entry element Women
Geographic subdivision Developing countries.
9 (RLIN) 6977
700 1# - ADDED ENTRY--PERSONAL NAME
Personal name Visvanathan, Nalini,
Dates associated with a name 1945-
9 (RLIN) 6978
700 1# - ADDED ENTRY--PERSONAL NAME
Personal name Duggan, Lynn,
Dates associated with a name 1956-
9 (RLIN) 6979
700 1# - ADDED ENTRY--PERSONAL NAME
Personal name Nisonoff, Laurie,
Dates associated with a name 1949-
9 (RLIN) 6980
700 1# - ADDED ENTRY--PERSONAL NAME
Personal name Wiegersma, Nancy.
9 (RLIN) 6981
856 42 - ELECTRONIC LOCATION AND ACCESS
Materials specified Publisher description
Uniform Resource Identifier http://www.loc.gov/catdir/description/hol055/96047238.html
856 41 - ELECTRONIC LOCATION AND ACCESS
Materials specified Table of contents
Uniform Resource Identifier http://www.loc.gov/catdir/toc/hol052/96047238.html
906 ## - LOCAL DATA ELEMENT F, LDF (RLIN)
a 7
b cbc
c orignew
d 1
e ocip
f 19
g y-gencatlg
942 ## - ADDED ENTRY ELEMENTS (KOHA)
Source of classification or shelving scheme Dewey Decimal Classification
Koha item type Short Loan
Holdings
Withdrawn status Lost status Source of classification or shelving scheme Damaged status Not for loan Home library Current library Date acquired Inventory number Total Checkouts Full call number Barcode Date last seen Price effective from Koha item type
    Dewey Decimal Classification     MUST Main Library MUST Main Library 02/03/2016 2003/19686   305.4 WOM 1997 2016-0299 02/03/2016 02/03/2016 Short Loan
    Dewey Decimal Classification     MUST Main Library MUST Main Library 02/03/2016 2003/19687   305.4 WOM 1997 2016-0300 02/03/2016 02/03/2016 Short Loan